| 000 | 00362 a2200157 4500 | ||
|---|---|---|---|
| 001 | 189480 | ||
| 020 | _a978-85-7666-196-2 | ||
| 040 | _cMagnum | ||
| 100 | _aFevereiro, Jo | ||
| 240 | 1 | 0 |
_aA cartomante em quadrinhos _lpor |
| 245 | 1 | 0 | _aA cartomante em quadrinhos |
| 300 | _a48 | ||
| 440 | 1 | _aEscala Educacional | |
| 697 | _aLITERATURA JUVENIL | ||
| 942 | _cBK | ||
| 999 |
_c189480 _d189480 |
||